000
00268nam a2200133Ia 4500
100
_a
Gross Charles A
250
_a
2
942
_c
BK
654
_a
power
245
_a
Power system Analysis
260
_b
Wiley
_a
New York
_c
1986
300
_a
593
546
_a
ENGLISH
999
_c
21766
_d
21766